[Event "Chioggia op-B 15th"]
[Site "Chioggia"]
[Date "2022.10.01"]
[Round "2"]
[White "Piva, Gianfranco"]
[Black "Sottroi, Carlo"]
[Result "0-1"]
[WhiteElo "1398"]
[BlackElo "1763"]
[PlyCount "70"]
[EventDate "2022.09.30"]
[EventType "swiss"]
[EventRounds "5"]
[EventCountry "ITA"]
[SourceTitle "EXT 2024"]
[Source "ChessBase"]
[SourceDate "2023.10.10"]
[SourceVersion "1"]
[SourceVersionDate "2023.10.10"]
[SourceQuality "1"]

1. e4 e6 2. Nf3 d5 3. exd5 exd5 4. d4 Nf6 5. Nbd2 Bf5 6. Be2 Bd6 7. h3 0-0 8. 0-0 Re8 9. Re1 Qd7 10. Bf1 Rxe1 11. Nxe1 Nc6 12. c3 Re8 13. Ndf3 h6 14. Nd3 Ne4 15. Nd2 a6 16. Nxe4 dxe4 17. Nf4 b5 18. Be3 Ne7 19. Qd2 c6 20. Rd1 Nd5 21. Ne2 Qc7 22. g3 g5 23. Bg2 Bg6 24. Rf1 f5 25. f4 exf3 26. Rxf3 Qe7 27. Kf2 Bh5 28. g4 fxg4 29. hxg4 Bxg4 30. Rg3 Bxg3+ 31. Nxg3 Qf8+ 32. Kg1 Nxe3 33. Ne4 Rxe4 34. Bxe4 Qf1+ 35. Kh2 Qf4+ 0-1

[Event "Chioggia op-B 15th"]
[Site "Chioggia"]
[Date "2022.09.30"]
[Round "1"]
[White "Boscolo Bragadin, Aldo"]
[Black "Piva, Gianfranco"]
[Result "1-0"]
[WhiteElo "1726"]
[BlackElo "1398"]
[PlyCount "155"]
[EventDate "2022.09.30"]
[EventType "swiss"]
[EventRounds "5"]
[EventCountry "ITA"]
[SourceTitle "EXT 2024"]
[Source "ChessBase"]
[SourceDate "2023.10.10"]
[SourceVersion "1"]
[SourceVersionDate "2023.10.10"]
[SourceQuality "1"]

1. e4 c5 2. d4 cxd4 3. Nf3 Nc6 4. Nxd4 Nf6 5. Nc3 g6 6. Bc4 Bg7 7. Be3 0-0 8. 0-0 e6 9. f3 a6 10. a4 Qc7 11. Bb3 Na5 12. Qd2 Nxb3 13. Nxb3 d6 14. Rad1 d5 15. a5 Bd7 16. Bb6 Qb8 17. Qe3 Bc6 18. Nd4 Nd7 19. exd5 exd5 20. Nce2 Nxb6 21. axb6 Re8 22. Qb3 Be5 23. f4 Bd6 24. Qc3 Qc8 25. Ng3 Bb5 26. Nxb5 axb5 27. Qd3 Bc5+ 28. Kh1 Bxb6 29. f5 Qc4 30. fxg6 hxg6 31. Qf3 Rf8 32. Rxd5 Qc6 33. h4 Rad8 34. Rxd8 Bxd8 35. h5 Qxf3 36. Rxf3 Re8 37. hxg6 fxg6 38. Rb3 Bc7 39. Kh2 Re2 40. Kh3 Rxc2 41. Rxb5 b6 42. Ne4 Kg7 43. Nc3 Rd2 44. Nd5 Rd3+ 45. Kg4 Rd4+ 46. Kf3 Bd8 47. Nxb6 Rd3+ 48. Ke2 Rg3 49. Kf1 Bh4 50. Nd5 Rd3 51. Rb7+ Kh6 52. Nf4 Rd1+ 53. Ke2 Re1+ 54. Kd3 Bg5 55. Rf7 Rg1 56. b4 Bxf4 57. Rxf4 Rxg2 58. b5 Rg5 59. Kc4 Re5 60. Rf8 g5 61. b6 Re1 62. b7 Rb1 63. b8Q Rxb8 64. Rxb8 Kh5 65. Kd3 Kg4 66. Ke3 Kg3 67. Rg8 g4 68. Rg7 Kh3 69. Kf2 Kh4 70. Kg2 Kh5 71. Kg3 Kh6 72. Rxg4 Kh5 73. Kf4 Kh6 74. Rg1 Kh7 75. Kf5 Kh6 76. Rg2 Kh7 77. Kf6 Kh8 78. Kf7 1-0